A dictionary of Bharata natya / (Record no. 133644)

MARC details
000 -LEADER
fixed length control field 00696nam a22002297a 4500
005 - DATE AND TIME OF LATEST TRANSACTION
control field 20170124110213.0
010 ## - LIBRARY OF CONGRESS CONTROL NUMBER
LC control number A-456791
020 ## - INTERNATIONAL STANDARD BOOK NUMBER
International Standard Book Number 0863111084
Terms of availability 75.00
035 ## - SYSTEM CONTROL NUMBER
System control number A-456791
037 ## - SOURCE OF ACQUISITION
Source of stock number/acquisition Cen Lib/Ret
040 ## - CATALOGING SOURCE
Original cataloging agency DPL
Language of cataloging EN
082 ## - DEWEY DECIMAL CLASSIFICATION NUMBER
Classification number 796.809543103
Item number RAO
100 ## - MAIN ENTRY--PERSONAL NAME
Personal name Rao, U.S.Krishna Rao
9 (RLIN) 92425
245 ## - TITLE STATEMENT
Title A dictionary of Bharata natya /
Statement of responsibility, etc by U. S. Krishna Rao
250 ## - EDITION STATEMENT
Edition statement 2nd ed
260 ## - PUBLICATION, DISTRIBUTION, ETC. (IMPRINT)
Place of publication, distribution, etc Hyderabad
Name of publisher, distributor, etc Orient Longman
Date of publication, distribution, etc 1990
270 ## - ADDRESS
Address 3-6-272 Himayatnagar
City Hyderabad
Postal code 500 029
300 ## - PHYSICAL DESCRIPTION
Extent 71p. :
Dimensions 20cm(Hb)
Other physical details ill.
650 ## - SUBJECT ADDED ENTRY--TOPICAL TERM
Topical term or geographic name as entry element Bharata natyam -- Dictionaries
9 (RLIN) 92426
650 ## - SUBJECT ADDED ENTRY--TOPICAL TERM
Topical term or geographic name as entry element Bharata natyam
9 (RLIN) 92427
942 ## - ADDED ENTRY ELEMENTS (KOHA)
Source of classification or shelving scheme Dewey Decimal Classification
Koha item type English Books
Classification part 796.809543103
Call number suffix RAO
Holdings
Withdrawn status Lost status Damaged status Not for loan Collection code Home library Current library Date acquired Source of acquisition Cost, normal purchase price Total Checkouts Full call number Barcode Date last seen Copy number Cost, replacement price Price effective from Koha item type
      Not For Loan Reference Central Library Central Library 27/07/2015 Cen Lib/Ret 75.00   796.809543103 RAO A-456791 27/07/2015 1 75.00 27/07/2015 English Books

© Delhi Public Library
Hit Counter
free hit counter